<?xml version="1.0" encoding="UTF-8"?>
<resp>
  <nextPage>https://data.bn.org.pl/api/networks/bibs.marcxml?marc=001+b0000001225988&amp;sinceId=1225989</nextPage>
  <collection>
    <record xmlns='http://www.loc.gov/MARC21/slim'><leader>05312nam a2201321 i 4500</leader><controlfield tag='001'>b0000001225988</controlfield><controlfield tag='005'>20260404091759.1</controlfield><controlfield tag='008'>981216s1998    pl a         |001 0 pol  </controlfield><controlfield tag='009'>9910241919405606</controlfield><datafield ind1=' ' ind2=' ' tag='015'><subfield code='a'>UWD 1998/16818</subfield></datafield><datafield ind1=' ' ind2=' ' tag='020'><subfield code='a'>837212082X</subfield><subfield code='q'>(oprawa twarda)</subfield></datafield><datafield ind1=' ' ind2=' ' tag='035'><subfield code='a'>991008749629705066</subfield></datafield><datafield ind1=' ' ind2=' ' tag='035'><subfield code='a'>(PL)b0000001225988</subfield></datafield><datafield ind1=' ' ind2=' ' tag='035'><subfield code='a'>(PL-WaBN)b12259883-48omnis_nlop</subfield></datafield><datafield ind1=' ' ind2=' ' tag='035'><subfield code='a'>b12259883</subfield></datafield><datafield ind1=' ' ind2=' ' tag='035'><subfield code='a'>(OCoLC)830192334</subfield></datafield><datafield ind1=' ' ind2=' ' tag='035'><subfield code='a'>zz2006801490</subfield></datafield><datafield ind1=' ' ind2=' ' tag='040'><subfield code='a'>WA N</subfield><subfield code='c'>WA N</subfield><subfield code='d'>KIEL W</subfield><subfield code='d'>WA N</subfield></datafield><datafield ind1='1' ind2=' ' tag='041'><subfield code='a'>pol</subfield><subfield code='h'>eng</subfield></datafield><datafield ind1=' ' ind2=' ' tag='046'><subfield code='k'>1993</subfield></datafield><datafield ind1=' ' ind2=' ' tag='080'><subfield code='8'>1.1\x</subfield><subfield code='a'>582.091</subfield></datafield><datafield ind1=' ' ind2=' ' tag='080'><subfield code='8'>1.2\x</subfield><subfield code='a'>(02.053.2)</subfield></datafield><datafield ind1='1' ind2=' ' tag='100'><subfield code='a'>Mitchell, Alan</subfield><subfield code='d'>(1922-1995)</subfield><subfield code='e'>Autor</subfield></datafield><datafield ind1='1' ind2='0' tag='245'><subfield code='a'>Drzewa /</subfield><subfield code='c'>Alan Mitchell ; ilustracje David More ; przekład i konsultacje wydania polskiego Iwona Femiak ; redakcja wydania polskiego Elżbieta Kotwica.</subfield></datafield><datafield ind1='1' ind2=' ' tag='246'><subfield code='i'>Tytuł oryginału :</subfield><subfield code='a'>Trees,</subfield><subfield code='f'>1993</subfield></datafield><datafield ind1=' ' ind2=' ' tag='260'><subfield code='a'>Poznań :</subfield><subfield code='b'>Podsiedlik-Raniowski i Spółka,</subfield><subfield code='c'>© 1998.</subfield></datafield><datafield ind1=' ' ind2=' ' tag='300'><subfield code='a'>80 stron :</subfield><subfield code='b'>ilustracje ;</subfield><subfield code='c'>26 cm.</subfield></datafield><datafield ind1=' ' ind2=' ' tag='336'><subfield code='a'>Tekst</subfield><subfield code='b'>txt</subfield><subfield code='2'>rdacontent</subfield></datafield><datafield ind1=' ' ind2=' ' tag='337'><subfield code='a'>Bez urządzenia pośredniczącego</subfield><subfield code='b'>n</subfield><subfield code='2'>rdamedia</subfield></datafield><datafield ind1=' ' ind2=' ' tag='338'><subfield code='a'>Wolumin</subfield><subfield code='b'>nc</subfield><subfield code='2'>rdacarrier</subfield></datafield><datafield ind1=' ' ind2=' ' tag='380'><subfield code='a'>Książki</subfield></datafield><datafield ind1=' ' ind2=' ' tag='380'><subfield code='a'>Publikacje popularnonaukowe</subfield></datafield><datafield ind1='1' ind2=' ' tag='388'><subfield code='a'>1901-2000</subfield></datafield><datafield ind1='1' ind2=' ' tag='490'><subfield code='a'>Przewodnik Przyrodniczy</subfield></datafield><datafield ind1=' ' ind2=' ' tag='500'><subfield code='a'>Na okładce podtytuł: cechy charakterystyczne, rozpoznawanie : ok. 20 samodzielnych doświadczeń.</subfield></datafield><datafield ind1=' ' ind2=' ' tag='504'><subfield code='a'>Bibliografia na stronie 79. Indeks.</subfield></datafield><datafield ind1=' ' ind2='7' tag='650'><subfield code='a'>Drzewa</subfield><subfield code='2'>DBN</subfield></datafield><datafield ind1=' ' ind2='0' tag='650'><subfield code='a'>Trees</subfield><subfield code='x'>Identification</subfield><subfield code='x'>Juvenile literature.</subfield></datafield><datafield ind1=' ' ind2='7' tag='655'><subfield code='a'>Opracowanie</subfield><subfield code='2'>DBN</subfield></datafield><datafield ind1=' ' ind2=' ' tag='658'><subfield code='a'>Biologia</subfield></datafield><datafield ind1=' ' ind2=' ' tag='658'><subfield code='a'>Ochrona środowiska</subfield></datafield><datafield ind1='1' ind2=' ' tag='700'><subfield code='a'>Femiak, Iwona</subfield><subfield code='e'>Tłumaczenie</subfield></datafield><datafield ind1='1' ind2=' ' tag='700'><subfield code='a'>Kotwica, Elżbieta</subfield><subfield code='e'>Redakcja</subfield></datafield><datafield ind1='1' ind2=' ' tag='700'><subfield code='a'>More, David</subfield><subfield code='e'>Ilustracje</subfield></datafield><datafield ind1='2' ind2=' ' tag='710'><subfield code='a'>Podsiedlik-Raniowski i Spółka</subfield><subfield code='e'>Wydawca</subfield><subfield code='4'>pbl</subfield></datafield><datafield ind1=' ' ind2='0' tag='830'><subfield code='a'>Przewodnik Przyrodniczy</subfield></datafield><datafield ind1=' ' ind2=' ' tag='852'><subfield code='8'>22533033810005067</subfield><subfield code='j'>1</subfield><subfield code='h'>B 164667 III</subfield><subfield code='b'>BJ</subfield><subfield code='p'>1000266759</subfield><subfield code='c'>BJ_MAG</subfield></datafield><datafield ind1=' ' ind2=' ' tag='852'><subfield code='8'>22104509220007662</subfield><subfield code='j'>0</subfield><subfield code='b'>08</subfield><subfield code='p'>119791</subfield><subfield code='c'>U08</subfield></datafield><datafield ind1=' ' ind2=' ' tag='852'><subfield code='8'>229799660007910</subfield><subfield code='j'>1</subfield><subfield code='b'>RAD_6_1</subfield><subfield code='p'>111000153389</subfield><subfield code='c'>GBP</subfield></datafield><datafield ind1=' ' ind2=' ' tag='852'><subfield code='8'>221076084950008831</subfield><subfield code='j'>1</subfield><subfield code='h'>QK475.8 .M58165 1998</subfield><subfield code='b'>5100-BUW</subfield><subfield code='p'>1000387944</subfield><subfield code='c'>10002</subfield><subfield code='z'>QK475.8 .M58165 1998,</subfield></datafield><datafield ind1=' ' ind2=' ' tag='852'><subfield code='8'>22533033790005067</subfield><subfield code='j'>1</subfield><subfield code='h'>A 284667 III</subfield><subfield code='b'>BJ</subfield><subfield code='p'>1000266760</subfield><subfield code='c'>BJ_BRAN_A</subfield></datafield><datafield ind1=' ' ind2=' ' tag='852'><subfield code='b'>48OMNIS_SKI</subfield><subfield code='8'>991001424599707769</subfield></datafield><datafield ind1=' ' ind2=' ' tag='852'><subfield code='8'>228486860007907</subfield><subfield code='j'>1</subfield><subfield code='b'>OPO_3_1</subfield><subfield code='p'>L09868</subfield><subfield code='c'>WYP-WD</subfield></datafield><datafield ind1=' ' ind2=' ' tag='852'><subfield code='8'>22104509060007662</subfield><subfield code='j'>1</subfield><subfield code='b'>55</subfield><subfield code='p'>4000871328</subfield><subfield code='c'>55</subfield></datafield><datafield ind1=' ' ind2=' ' tag='852'><subfield code='8'>2216592990007769</subfield><subfield code='j'>1</subfield><subfield code='b'>SKI_1_ODD</subfield><subfield code='p'>300026062000</subfield><subfield code='c'>A</subfield></datafield><datafield ind1=' ' ind2=' ' tag='852'><subfield code='b'>48OMNIS_RAD</subfield><subfield code='8'>991000017449207910</subfield></datafield><datafield ind1=' ' ind2=' ' tag='852'><subfield code='b'>48OMNIS_UJA</subfield><subfield code='8'>991002915729705067</subfield></datafield><datafield ind1=' ' ind2=' ' tag='852'><subfield code='8'>229799680007910</subfield><subfield code='j'>1</subfield><subfield code='b'>RAD_6_1</subfield><subfield code='p'>111000153150</subfield><subfield code='c'>GBP</subfield></datafield><datafield ind1=' ' ind2=' ' tag='852'><subfield code='8'>22102279410005068</subfield><subfield code='j'>1</subfield><subfield code='h'>5(02.053.2) Mit Drz 178526/N</subfield><subfield code='b'>WBP-KIELCE</subfield><subfield code='p'>481228</subfield><subfield code='c'>MEDIA</subfield></datafield><datafield ind1=' ' ind2=' ' tag='852'><subfield code='b'>48OMNIS_OPO</subfield><subfield code='8'>9922042807907</subfield></datafield><datafield ind1=' ' ind2=' ' tag='852'><subfield code='8'>2245504900007666</subfield><subfield code='j'>1</subfield><subfield code='b'>Bulaj</subfield><subfield code='p'>017011921000</subfield><subfield code='c'>BULAJ</subfield></datafield><datafield ind1=' ' ind2=' ' tag='852'><subfield code='8'>2221175340007770</subfield><subfield code='j'>1</subfield><subfield code='b'>TOM_1_F3</subfield><subfield code='p'>400025055000</subfield><subfield code='c'>W</subfield></datafield><datafield ind1=' ' ind2=' ' tag='852'><subfield code='b'>48OMNIS_NETWORK</subfield><subfield code='8'>9910241919405606</subfield></datafield><datafield ind1=' ' ind2=' ' tag='852'><subfield code='b'>48OMNIS_BE</subfield><subfield code='8'>991002720589707666</subfield></datafield><datafield ind1=' ' ind2=' ' tag='852'><subfield code='b'>48OMNIS_UMCS</subfield><subfield code='8'>991000577719707661</subfield></datafield><datafield ind1=' ' ind2=' ' tag='852'><subfield code='b'>48OMNIS_BPW</subfield><subfield code='8'>991053651251108207</subfield></datafield><datafield ind1=' ' ind2=' ' tag='852'><subfield code='b'>48OMNIS_NLOP</subfield><subfield code='8'>991008749629705066</subfield></datafield><datafield ind1=' ' ind2=' ' tag='852'><subfield code='b'>48OMNIS_KUL</subfield><subfield code='8'>991003712099706831</subfield></datafield><datafield ind1=' ' ind2=' ' tag='852'><subfield code='b'>48OMNIS_KPS</subfield><subfield code='8'>990000565530208415</subfield></datafield><datafield ind1=' ' ind2=' ' tag='852'><subfield code='b'>48OMNIS_MBP</subfield><subfield code='8'>990000572780207662</subfield></datafield><datafield ind1=' ' ind2=' ' tag='852'><subfield code='8'>22104509240007662</subfield><subfield code='j'>0</subfield><subfield code='b'>07</subfield><subfield code='p'>4000543384</subfield><subfield code='c'>U07</subfield></datafield><datafield ind1=' ' ind2=' ' tag='852'><subfield code='b'>48OMNIS_UMKWT</subfield><subfield code='8'>991007188879706926</subfield></datafield><datafield ind1=' ' ind2=' ' tag='852'><subfield code='b'>48OMNIS_UOW</subfield><subfield code='8'>991005787249708831</subfield></datafield><datafield ind1=' ' ind2=' ' tag='852'><subfield code='b'>48OMNIS_RPL</subfield><subfield code='8'>991003740099705068</subfield></datafield><datafield ind1=' ' ind2=' ' tag='852'><subfield code='8'>22309215800006926</subfield><subfield code='j'>1</subfield><subfield code='h'>MG1_bg</subfield><subfield code='b'>TORU</subfield><subfield code='p'>300000747403</subfield><subfield code='c'>MG1_bg</subfield></datafield><datafield ind1=' ' ind2=' ' tag='852'><subfield code='8'>22104509200007662</subfield><subfield code='j'>0</subfield><subfield code='b'>11</subfield><subfield code='p'>127757</subfield><subfield code='c'>U11</subfield></datafield><datafield ind1=' ' ind2=' ' tag='852'><subfield code='8'>22108277390007662</subfield><subfield code='j'>0</subfield><subfield code='b'>18</subfield><subfield code='p'>126559</subfield><subfield code='c'>U18</subfield></datafield><datafield ind1=' ' ind2=' ' tag='852'><subfield code='b'>48OMNIS_TOM</subfield><subfield code='8'>991002082229607770</subfield></datafield><datafield ind1=' ' ind2=' ' tag='852'><subfield code='8'>22104509130007662</subfield><subfield code='j'>1</subfield><subfield code='b'>18</subfield><subfield code='p'>4000454699</subfield><subfield code='c'>18</subfield></datafield><datafield ind1=' ' ind2=' ' tag='852'><subfield code='8'>2245504840007666</subfield><subfield code='j'>1</subfield><subfield code='b'>F5</subfield><subfield code='p'>018005558000</subfield><subfield code='c'>F5DOROSLI</subfield></datafield><datafield ind1=' ' ind2=' ' tag='852'><subfield code='8'>2245504960007666</subfield><subfield code='j'>1</subfield><subfield code='b'>F3</subfield><subfield code='p'>006017173000</subfield><subfield code='c'>F3DOROSLI</subfield></datafield><datafield ind1=' ' ind2=' ' tag='852'><subfield code='8'>2299628850007661</subfield><subfield code='j'>1</subfield><subfield code='b'>10000</subfield><subfield code='p'>1010003819</subfield><subfield code='c'>U_BGmag</subfield></datafield><datafield ind1=' ' ind2=' ' tag='852'><subfield code='8'>22836394300008207</subfield><subfield code='j'>1</subfield><subfield code='h'>MKD.PL.46114</subfield><subfield code='b'>BPW_K</subfield><subfield code='p'>B-4741</subfield><subfield code='c'>MKD</subfield></datafield><datafield ind1=' ' ind2=' ' tag='852'><subfield code='8'>22463061530005066</subfield><subfield code='j'>1</subfield><subfield code='h'>1.895.044 A</subfield><subfield code='b'>BN_PL</subfield><subfield code='p'>777i14382921</subfield><subfield code='c'>bk1</subfield></datafield><datafield ind1=' ' ind2=' ' tag='852'><subfield code='8'>22463061550005066</subfield><subfield code='j'>1</subfield><subfield code='h'>1.192.352</subfield><subfield code='b'>BN_PL</subfield><subfield code='p'>30001003374974</subfield><subfield code='c'>bk8</subfield></datafield><datafield ind1=' ' ind2=' ' tag='852'><subfield code='8'>22181366130006831</subfield><subfield code='j'>1</subfield><subfield code='h'>Pr12</subfield><subfield code='b'>KamPocz</subfield><subfield code='p'>1000501929</subfield><subfield code='c'>NaSc_NaSc</subfield></datafield><datafield ind1=' ' ind2=' ' tag='852'><subfield code='8'>22774926190008415</subfield><subfield code='j'>1</subfield><subfield code='b'>KP</subfield><subfield code='p'>000031793001</subfield><subfield code='c'>CN</subfield><subfield code='z'>N326066</subfield></datafield><datafield ind1=' ' ind2=' ' tag='852'><subfield code='8'>22104509180007662</subfield><subfield code='j'>1</subfield><subfield code='b'>16</subfield><subfield code='p'>4000507983</subfield><subfield code='c'>16</subfield></datafield><datafield ind1=' ' ind2=' ' tag='852'><subfield code='8'>22104509260007662</subfield><subfield code='j'>1</subfield><subfield code='b'>06</subfield><subfield code='p'>4000041695</subfield><subfield code='c'>06</subfield></datafield><datafield ind1=' ' ind2=' ' tag='852'><subfield code='8'>22104509080007662</subfield><subfield code='j'>0</subfield><subfield code='b'>45</subfield><subfield code='p'>4000750688</subfield><subfield code='c'>U45</subfield></datafield><datafield ind1=' ' ind2=' ' tag='852'><subfield code='8'>22104509100007662</subfield><subfield code='j'>0</subfield><subfield code='b'>22</subfield><subfield code='p'>119628</subfield><subfield code='c'>U22</subfield></datafield><datafield ind1=' ' ind2=' ' tag='852'><subfield code='8'>22104509150007662</subfield><subfield code='j'>0</subfield><subfield code='b'>17</subfield><subfield code='p'>4000898025</subfield><subfield code='c'>U17</subfield></datafield><datafield ind1=' ' ind2=' ' tag='852'><subfield code='8'>22108222140007662</subfield><subfield code='j'>0</subfield><subfield code='b'>16</subfield><subfield code='p'>135249</subfield><subfield code='c'>U16</subfield></datafield><datafield ind1=' ' ind2=' ' tag='920'><subfield code='a'>83-7212-082-X (oprawa twarda)</subfield></datafield></record>
  </collection>
</resp>
